Cinco milenios de caracteres chinos / (Registro nro. 14982)

Detalles MARC
000 -LIDER
fixed length control field 01000nam a22002657a 4500
003 - IDENTIFICACDOR DE NÚMERO DE CONTROL
control field DO-SdBPM
005 - DATE AND TIME OF LATEST TRANSACTION
control field 20250306115721.0
008 - ELEMENTOS DE LONGITUD FIJA
fixed length control field 210426b2009 ch 00| 0 spa d
020 ## - ISBN
International Standard Book Number 9787802006454
040 ## - FUENTE DE CATALOGACIÓN
Agencia que crea de manera original el registro DO-SdBPM
Idioma de catalogación spa
Agencia que realiza la transcripción BPMSU
Convenciones de la despripción rda
082 #4 - NÚMERO DE CLASIFICACIÓN DECIMAL DE DEWEY
Classification number 495.11
Item number C574m 2009
Edition number 22
092 ## - LOCALLY ASSIGNED DEWEY DECIMAL CALL NUMBER
Número de clasificación
245 00 - MENCIÓN DE TITULO
Título Cinco milenios de caracteres chinos /
Mención de responsabilidad Liu Junwei... [y otros]
260 ## - PUBLICACIÓN, DISTRIBUCIÓN, ETC. (PIE DE IMPRENTA)
Lugar de publicación, distribución, etc República Popular, China :
Nombre del editor, distribuidor, etc. Sonolingua,
Fecha de publicación, distribución, etc 2009
Nombre del editor, distribuidor, etc.
300 ## - DESCRIPCIÓN FÍSICA
Extensión 183 p. :
Dimensiones 25 cm.
500 0# - NOTA GENERAL
Nota general Maravilla de la humanidad -- Cielo elevado, rio largo-- Luminosos rayos del sol -- espíritu de la nacionalidad China -- El sentimiento hecho tinta -- Tesoro bajo cielo -- Renacimiento desde la cenizas -- Eterna fragancia.
Materiales especificados
590 ## - NOTA LOCAL
Texto de la nota local Inventariado, 2025/VM
650 #4 - ENCABEZAMIENTO DE MATERIA--TEMÁTICO
Término temático o nombre geográfico como elemento de entrada Chino
Subdivisión temática general Alfabeto.
650 #4 - ENCABEZAMIENTO DE MATERIA--TEMÁTICO
Término temático o nombre geográfico como elemento de entrada Chino
Subdivisión temática general Escritura
Subdivisión de forma
650 #4 - ENCABEZAMIENTO DE MATERIA--TEMÁTICO
Término temático o nombre geográfico como elemento de entrada Chino
Subdivisión temática general Alfabeto
-- Aspectos sociales.
650 #4 - ENCABEZAMIENTO DE MATERIA--TEMÁTICO
Término temático o nombre geográfico como elemento de entrada Chino
Subdivisión temática general Historia.
700 1# - ASIENTO SECUNDARIO -- NOMBRE PERSONAL
Materiales especificados Liu, Junwei
Mención de responsabilidad
910 ## - VALIDACIÓN
Validación VMateo V. Control de calidad. BPMSU
942 ## - ADDED ENTRY ELEMENTS (KOHA)
Source of classification or shelving scheme Dewey Decimal Classification
Koha item type Libros
Existencias
Withdrawn status Lost status Source of classification or shelving scheme Damaged status Not for loan Collection code Home library Current library Date acquired Source of acquisition Total Checkouts Full call number Barcode Date last seen Price effective from Koha item type Copy number
    Dewey Decimal Classification     Colección General Biblioteca Pública Metropolitana Salomé Ureña Biblioteca Pública Metropolitana Salomé Ureña 03/06/2025 Sinolingua   BPMSU CG 495.11 C574m 2009 BPMSU25030039 03/06/2025 03/06/2025 Libros  
    Dewey Decimal Classification     Colección General Biblioteca Pública Metropolitana Salomé Ureña Biblioteca Pública Metropolitana Salomé Ureña 03/06/2025 Sinolingua   BPMSU CG 495.11 C574m 2009 BPMSU25030050 03/06/2025 03/06/2025 Libros e.2
    Dewey Decimal Classification     Colección General Biblioteca Pública Metropolitana Salomé Ureña Biblioteca Pública Metropolitana Salomé Ureña 03/06/2025 Sinolingua   BPMSU CG 495.11 C574m 2009 BPMSU25030051 03/06/2025 03/06/2025 Libros e.3